Open Data Biblioteca Nacional de Portugal


República Portuguesa: Ministério da Cultura
Biblioteca Nacional de Portugal

Catálogo da BNP: acesso por Identificadores Unívocos
Registos Bibliográficos associados ao registo de autoridade

Etiqueta de registo: 00000nam 2200025 450
001 2286041
003 http://id.bnportugal.gov.pt/bib/catbnp/2286041
100 ## $a20260508d2024 k y0pory01030103ba
101 0# $aeng$dpor
102 ## $aPT
105 ## $aa m 000yy
106 ## $ar
200 1# $aQuantum circuit design, discovery and optimization from theory to practice$fPedro Miguel Miranda Queiroz da Cruz$gorient. Joaquín Fernández-Rossier, João Pedro Pedroso
210 #9 $aPorto$c[s.n.],$d2024
215 ## $aXVII, 226 p.$cil.$d30 cm
328 #1 $aTese dout. Computer Science, Faculdade de Ciências, Universidade do Porto, 2024
675 ## $a004.8(043)$vBN$zpor$31234122
675 ## $a530.14(043)$vBN$zpor$31259498
675 ## $a004.8$vBN$zpor$3898026
700 #1 $aCruz,$bPedro Miguel Miranda Queiroz da$31998018
702 #1 $aFernández-Rossier,$bJoaquín$4727$31998021
702 #1 $aSantos,$bJoão Pedro Pedroso Ramos dos$4727$31383530
801 #0 $aPT$bBN$gRPC
966 ## $lBN$mFGMON$sP. 72822 V.$x1
971 ## $corlando$d20260508
972 ## $e0$z0$d20260616$vasantos
973 ## $cigoulao$d20260528
975 ## $e0$d20260618$viquintas

OpendataBNP@bnportugal.pt | Mais informação sobre acesso aos dados BNP